[Event "Pohár města Říčany 2020"]
[Site "Městské kulturní středisko U labutě"]
[Date "2020.08.23"]
[Round "2.1"]
[White "Plischki, Sebastian"]
[Black "Bartos, Vaclav"]
[Result "1-0"]
[WhiteElo "2356"]
[BlackElo "1976"]
[PlyCount "0"]
[EventDate "2020.08.22"]

1. Nf3 Nf6 2. c4 e6 3. g3 d5 4. Bg2 c6 5. d4 Be7 6. O-O O-O 7. Nbd2 dxc4
8. Nxc4 b5 9. Nce5 Bb7 10. Qc2 Qc8 11. Bg5 Na6 12. Rac1 c5 13. dxc5 Nxc5
14. Bxf6 gxf6 15. Nd3 Ne4 16. Nd2 Qxc2 17. Rxc2 Nxd2 18. Rxd2 Bxg2 19. Kxg2 Rac8
20. Kf3 Rfd8 21. Rfd1 Rc4 22. Nf4 Rdc8 23. Rd7 R4c7 24. g4 Kf8 25. h3 Ke8
26. Rxc7 Rxc7 27. Nd3 Rc2 28. Rc1 Rxc1 29. Nxc1 Kd7 30. Ke4 Bc5 31. Nd3 Bb6
32. f4 Kd6 33. f5 a5 34. Nf4 Bd8 35. e3 Bb6 36. Ne2 h6 37. Nc3 Kc6 38. h4 Bc7
39. Ne2 e5 40. Ng1 Kc5 41. Nf3 Bd8 42. h5 Bc7 43. g5 fxg5 44. Nh2 Kd6 45. Ng4
Ke7 46. Nxh6 f6 47. Ng4 Kf7 48. Kd5 b4 49. e4 a4 50. b3 axb3 51. axb3 Bd8 52. h6
Be7 53. h7 Kg7 54. Ke6 Bd8 55. Kd7 Bb6 56. Nxf6 Bd4 57. Ke6 Be3 58. Nd7 1-0

[Event "Pohár města Říčany 2020"]
[Site "Městské kulturní středisko U labutě"]
[Date "2020.08.23"]
[Round "2.2"]
[White "Lhotsky, Frantisek"]
[Black "Vojta, Tomas"]
[Result "0-1"]
[WhiteElo "1975"]
[BlackElo "2328"]
[PlyCount "0"]
[EventDate "2020.08.22"]

1. d4 d5 2. Nf3 Nf6 3. c4 dxc4 4. e3 a6 5. Bxc4 b5 6. Be2 Bb7 7. O-O e6 8. a4
b4 9. a5 Nbd7 10. b3 c5 11. Bb2 Be7 12. dxc5 Nxc5 13. Qxd8+ Rxd8 14. Nbd2 O-O
15. Bd4 Nd5 16. Rfc1 Nc3 17. Bxc3 bxc3 18. Rxc3 Bf6 19. Nd4 e5 20. Rxc5 exd4
21. Ra2 Rfe8 22. Bf3 dxe3 23. fxe3 Rxe3 24. Kf1 Bxf3 25. Nxf3 Rxb3 26. Rc6 Ra8
27. Rac2 Rbb8 28. Nd2 h6 29. Ne4 Bd8 30. Nc5 Rb1+ 31. Ke2 Bxa5 32. Rxa6 Re8+
33. Kf3 Bb6 34. Ra3 Rf1+ 35. Kg3 Rf5 36. Nd3 Re3+ 37. Kh4 Bd8+ 38. Kg4 Rd5 0-1

[Event "Pohár města Říčany 2020"]
[Site "Městské kulturní středisko U labutě"]
[Date "2020.08.23"]
[Round "2.3"]
[White "Hrdina, Robin"]
[Black "Reljic, Michael"]
[Result "0-1"]
[WhiteElo "2243"]
[BlackElo "1957"]
[PlyCount "0"]
[EventDate "2020.08.22"]

1. e4 e5 2. Nf3 Nc6 3. Bc4 Nf6 4. Ng5 d5 5. exd5 Na5 6. Bb5+ c6 7. dxc6 bxc6
8. Qf3 Bb7 9. Bd3 h6 10. Ne4 Nd5 11. Ng3 Be7 12. O-O Qc7 13. Re1 g6 14. Nc3 Nf4
15. b4 Nxd3 16. Qxd3 Bxb4 17. Rb1 Bf8 18. Qe4 Bd6 19. Qa4 O-O 20. d3 h5 21. Nce4
Be7 22. Bd2 Bd8 23. Bb4 c5 24. Bxc5 Bc6 25. Qa3 Re8 26. Nd6 Re6 27. Nb5 Qd7
28. c4 Nb7 29. Be3 Be7 30. Qc3 a5 31. Na7 Bb4 32. Rxb4 axb4 33. Qxb4 Nd8 34. Nb5
Rxa2 35. Bh6 Re8 36. Nd6 Re6 37. Nde4 f5 38. Nxf5 Bxe4 39. Qf8+ Kh7 40. Bg7 Re8
41. Qf6 Bxf5 42. Bf8 Qf7 43. Qg5 Rxf8 0-1

[Event "Pohár města Říčany 2020"]
[Site "Městské kulturní středisko U labutě"]
[Date "2020.08.23"]
[Round "2.4"]
[White "Plasek, Zdenek"]
[Black "Petr, Jakub"]
[Result "0-1"]
[WhiteElo "1967"]
[BlackElo "2236"]
[PlyCount "0"]
[EventDate "2020.08.22"]

1. d4 Nf6 2. c4 e6 3. Bg5 d5 4. Nf3 Be7 5. e3 O-O 6. Nc3 Nbd7 7. cxd5 exd5
8. Bd3 c6 9. O-O Re8 10. h3 h6 11. Bf4 Nf8 12. Re1 Ne6 13. Be5 Ng5 14. Nxg5 hxg5
15. Rb1 Bd6 16. f4 g4 17. Bxf6 Qxf6 18. hxg4 g5 19. Qf3 gxf4 20. g5 Qg7 21. exf4
Qxd4+ 22. Kf1 Bg4 23. Qxg4 Bc5 0-1

[Event "Pohár města Říčany 2020"]
[Site "Městské kulturní středisko U labutě"]
[Date "2020.08.23"]
[Round "2.5"]
[White "Skypala, Ondrej"]
[Black "Ocelak, Jakub"]
[Result "1-0"]
[WhiteElo "2129"]
[BlackElo "1949"]
[PlyCount "0"]
[EventDate "2020.08.22"]

1. c4 e6 2. Nc3 d5 3. d4 c5 4. Nf3 Nc6 5. Bg5 f6 6. cxd5 Nxd4 7. Bh4 e5 8. Nxe5
Qe7 9. Nf3 Nf5 10. e4 h5 11. Bb5+ Kf7 12. O-O Nxh4 13. Nxh4 g6 14. Bc4 Kg7
15. Qd3 Nh6 16. e5 Nf5 17. d6 Qxe5 18. d7 Bxd7 19. Qxd7+ Kh6 20. Nxf5+ gxf5
21. Rfe1 Qf4 22. Qf7 1-0

[Event "Pohár města Říčany 2020"]
[Site "Městské kulturní středisko U labutě"]
[Date "2020.08.23"]
[Round "2.6"]
[White "Steiner, Juraj"]
[Black "Kupsa, Matej"]
[Result "0-1"]
[WhiteElo "1953"]
[BlackElo "2079"]
[PlyCount "0"]
[EventDate "2020.08.22"]

1. d4 d5 2. c4 e6 3. Nc3 c6 4. cxd5 exd5 5. Qc2 g6 6. Bf4 Bf5 7. Qd2 Bg7 8. f3
Nf6 9. g4 Bc8 10. Bh6 Ne4 11. Nxe4 Qh4+ 12. Ng3 Bxh6 13. Qb4 Na6 14. Qd6 Be6
15. Nh3 Rd8 16. Qa3 f5 17. gxf5 Bxf5 18. Nf2 Qxd4 19. Bg2 Nb4 20. O-O Nc2
21. Nxf5 gxf5 22. Qb3 Nxa1 23. Rxa1 Rd7 24. Rd1 Qb6 25. Qc3 O-O 26. Kf1 Qe3
27. Qb4 Re8 0-1

[Event "Pohár města Říčany 2020"]
[Site "Městské kulturní středisko U labutě"]
[Date "2020.08.23"]
[Round "2.7"]
[White "Otruba, Marek"]
[Black "Vavrinec, Tomas"]
[Result "1-0"]
[WhiteElo "2079"]
[BlackElo "1927"]
[PlyCount "0"]
[EventDate "2020.08.22"]

1. e4 e6 2. d4 d5 3. Nd2 Be7 4. Ngf3 Nf6 5. e5 Nfd7 6. Bd3 c5 7. c3 Nc6 8. O-O
cxd4 9. cxd4 a5 10. Re1 g5 11. h3 h5 12. Nf1 g4 13. hxg4 hxg4 14. N3h2 Nxd4
15. Qxg4 Rh4 16. Qg8+ Nf8 17. Ng4 Nf5 18. Nfe3 d4 19. Nxf5 exf5 20. Nf6+ Bxf6
21. exf6+ Be6 22. Bb5+ 1-0

[Event "Pohár města Říčany 2020"]
[Site "Městské kulturní středisko U labutě"]
[Date "2020.08.23"]
[Round "2.8"]
[White "Voracek, Zdenek"]
[Black "Rudiano, Nicolas"]
[Result "1-0"]
[WhiteElo "1903"]
[BlackElo "2077"]
[PlyCount "0"]
[EventDate "2020.08.22"]

1. d4 Nf6 2. c4 e6 3. Nf3 b6 4. g3 Bb7 5. Bg2 Bb4+ 6. Bd2 Bxd2+ 7. Nbxd2 O-O
8. Qc2 d6 9. e4 Nbd7 10. O-O e5 11. b4 c5 12. bxc5 bxc5 13. d5 Qc7 14. Nh4 Rab8
15. f4 Rfe8 16. Rab1 Ba8 17. Rb3 Rxb3 18. axb3 Bb7 19. Ra1 a6 20. Qc3 Ra8
21. Nf5 g6 22. Nh6+ Kg7 23. Qe3 a5 24. fxe5 Nxe5 25. Qg5 Bc8 26. Rf1 Ng8
27. Nxg8 Kxg8 28. Nf3 Nxf3+ 29. Bxf3 a4 30. e5 axb3 31. Qf6 b2 32. e6 Ra1
33. Bd1 Rxd1 34. exf7+ 1-0

[Event "Pohár města Říčany 2020"]
[Site "Městské kulturní středisko U labutě"]
[Date "2020.08.23"]
[Round "2.9"]
[White "Strnad, Michael"]
[Black "Rut, Vojtech"]
[Result "0-1"]
[WhiteElo "1813"]
[BlackElo "2043"]
[PlyCount "0"]
[EventDate "2020.08.22"]

1. b3 a5 2. Nc3 d5 3. e3 e5 4. Bb2 Nf6 5. Nf3 Bg4 6. h3 Bxf3 7. Qxf3 c6 8. e4
d4 9. Ne2 a4 10. Ng3 Nbd7 11. Be2 Qa5 12. c3 a3 13. Bc1 h5 14. cxd4 h4 15. Nf5
exd4 16. Nxd4 Qe5 17. Nc2 Nxe4 18. Rb1 Bc5 19. d4 Bxd4 20. Nxd4 Qxd4 21. Bf4
Qb4+ 22. Kf1 Ne5 23. Qe3 Ng6 24. Bc4 Nxf4 25. Qxe4+ Ne6 26. f4 O-O 27. f5 b5
28. fxe6 fxe6+ 29. Kg1 Qc5+ 30. Kh2 Qd6+ 31. Kg1 bxc4 32. Qxc4 Rf4 33. Qc2 Qd4+
34. Kh2 Qe5 35. Rhe1 Re4+ 0-1

[Event "Pohár města Říčany 2020"]
[Site "Městské kulturní středisko U labutě"]
[Date "2020.08.23"]
[Round "2.10"]
[White "Horak, Jan"]
[Black "Lhotska, Anna"]
[Result "1-0"]
[WhiteElo "2029"]
[BlackElo "1793"]
[PlyCount "0"]
[EventDate "2020.08.22"]

1. e4 c5 2. Nf3 d6 3. d4 cxd4 4. Nxd4 Nf6 5. Bc4 Nxe4 6. Qh5 e6 7. Bb5+ Bd7
8. Nxe6 Qf6 9. Nf4 Qe5 10. Bxd7+ Nxd7 11. Qe2 Be7 12. O-O O-O 13. Na3 d5 14. Nb5
Bf6 15. Qg4 Ndc5 16. Nh5 a6 17. Nxf6+ Qxf6 18. Na3 b5 19. c3 Na4 20. Nc2 Rfe8
21. f3 Nd6 22. Nd4 Rac8 23. Bf4 Nc4 24. Rae1 Naxb2 25. Bg5 Qb6 26. Qd7 Nd6
27. Kh1 Nbc4 28. Nf5 Qb7 29. Ne7+ Rxe7 30. Rxe7 Qxd7 31. Rxd7 f6 32. Bf4 Nf5
33. Re1 Kf8 34. Rxd5 1-0

[Event "Pohár města Říčany 2020"]
[Site "Městské kulturní středisko U labutě"]
[Date "2020.08.23"]
[Round "2.11"]
[White "Pecka, Jan"]
[Black "Hejsek, Lukas"]
[Result "0-1"]
[WhiteElo "1610"]
[BlackElo "1991"]
[PlyCount "0"]
[EventDate "2020.08.22"]

1. e4 c5 2. Nf3 Nc6 3. Bb5 g6 4. O-O Bg7 5. Re1 e5 6. c3 Nge7 7. Na3 O-O 8. Nc2
a6 9. Bf1 b5 10. d3 d6 11. Ne3 Qc7 12. a4 Bd7 13. Nd5 Nxd5 14. exd5 Na5 15. axb5
axb5 16. Be3 c4 17. Nd2 f5 18. f3 cxd3 19. Bxd3 Nc4 20. Nxc4 bxc4 21. Be2 Qb7
22. Bxc4 Qxb2 23. Qc1 Qxc1 24. Rexc1 Rfc8 25. Ba6 Rcb8 26. Bf1 e4 27. fxe4 fxe4
28. Rxa8 Rxa8 29. Bf4 Ra3 30. Bxd6 Rxc3 31. Rxc3 Bd4+ 32. Kh1 Bxc3 33. Bc5 Kf7
34. Kg1 Kf6 35. Kf2 Ke5 36. Bc4 Bd4+ 37. Bxd4+ Kxd4 38. Bb3 Kc3 39. Ba2 Kd2
40. Bc4 g5 41. d6 h5 42. h3 e3+ 43. Kf1 h4 44. Be2 Bf5 45. Bf3 Bd3+ 46. Kg1 Bb5
47. Bg4 e2 48. Bxe2 Kxe2 49. Kh2 Kf2 0-1

[Event "Pohár města Říčany 2020"]
[Site "Městské kulturní středisko U labutě"]
[Date "2020.08.23"]
[Round "2.12"]
[White "Svoboda, Jaromir"]
[Black "Le, Anh Dung"]
[Result "0-1"]
[WhiteElo "1977"]
[BlackElo "1616"]
[PlyCount "0"]
[EventDate "2020.08.22"]

1. e4 c5 2. c3 g6 3. d4 cxd4 4. cxd4 d5 5. e5 Bg7 6. Bd3 Nc6 7. Ne2 h5 8. Be3
Qb6 9. Nbc3 e6 10. Qd2 Bd7 11. Nb5 Bf8 12. O-O a6 13. Nbc3 Nb4 14. Rfc1 Nxd3
15. Qxd3 Ne7 16. Rc2 Nf5 17. Bd2 Bg7 18. a4 O-O 19. a5 Qa7 20. Na4 Bb5 21. Qf3
Bxe2 22. Qa3 Nxd4 23. Rc7 Nb5 0-1

[Event "Pohár města Říčany 2020"]
[Site "Městské kulturní středisko U labutě"]
[Date "2020.08.23"]
[Round "2.13"]
[White "Popovsky, Ondrej"]
[Black "Zvolensky, David"]
[Result "0-1"]
[WhiteElo "1766"]
[BlackElo "2048"]
[PlyCount "0"]
[EventDate "2020.08.22"]

1. d4 Nf6 2. Bf4 c5 3. e3 Qb6 4. b3 cxd4 5. Qxd4 Nc6 6. Qxb6 axb6 7. a4 g6
8. Na3 e5 9. Bg3 Bb4+ 10. Kd1 h5 11. Nb5 O-O 12. c3 Be7 13. Nf3 Ne4 14. Bd3 Nxg3
15. hxg3 d6 16. Nc7 Rb8 17. Nd5 Be6 18. Bc4 Bd8 19. Nd2 Na5 20. e4 Nxc4 21. bxc4
Ra8 22. Ke2 Bd7 23. Rhb1 Rxa4 24. Rxa4 Bxa4 25. Nxb6 Bxb6 26. Rxb6 Bc6 27. Kd3
f5 28. f3 Kg7 29. Rb1 Kh6 30. Rh1 Kg5 31. Ke3 Ra8 32. Rd1 Ra2 33. Rg1 f4+
34. gxf4+ exf4+ 35. Kd3 Kh4 36. Nf1 Ra1 37. Rh1+ Kg5 38. Ng3 Ra4 39. Ne2 b5 0-1

[Event "Pohár města Říčany 2020"]
[Site "Městské kulturní středisko U labutě"]
[Date "2020.08.23"]
[Round "2.14"]
[White "Vit, Zdenek"]
[Black "Rehak, Martin"]
[Result "1/2-1/2"]
[WhiteElo "1703"]
[BlackElo "2023"]
[PlyCount "0"]
[EventDate "2020.08.22"]

1. e4 c5 2. Nf3 Nc6 3. d4 cxd4 4. Nxd4 Nf6 5. Nc3 e5 6. Ndb5 d6 7. Bg5 a6
8. Na3 b5 9. Nd5 Be7 10. Bxf6 Bxf6 11. c3 O-O 12. Nc2 Rb8 13. Bd3 Bg5 14. h4 Bh6
15. Qe2 g6 16. Nce3 Be6 17. g4 f6 18. Nxf6+ Qxf6 19. g5 Bxg5 20. hxg5 Qxg5
21. O-O-O Qf4 22. Rdf1 Bxa2 23. Kc2 Be6 24. Nd5 Bxd5 25. exd5 Ne7 26. Be4 b4
27. Rh3 bxc3 28. bxc3 Nf5 29. Rfh1 Rb7 30. Rg1 Rfb8 31. Kd3 Rb3 32. Kc2 Rf8
33. Kd3 Nd4 34. Qh5 1/2-1/2

[Event "Pohár města Říčany 2020"]
[Site "Městské kulturní středisko U labutě"]
[Date "2020.08.23"]
[Round "2.15"]
[White "Petras, Milan"]
[Black "Harcuba, Adam"]
[Result "1-0"]
[WhiteElo "1996"]
[BlackElo "1637"]
[PlyCount "0"]
[EventDate "2020.08.22"]

1. Nc3 Nf6 2. e4 e5 3. f4 d6 4. Nf3 Nc6 5. Bb5 Bd7 6. d3 Nd4 7. Bxd7+ Qxd7
8. Nxd4 exd4 9. Ne2 c5 10. O-O Be7 11. f5 Qc7 12. Nf4 O-O-O 13. Qe2 g5 14. Nh5
h6 15. Bd2 Nxh5 16. Qxh5 Bf6 17. c4 Be5 18. a3 f6 19. b4 Rh7 20. Ra2 b6 21. a4
Qf7 22. Qe2 Rd7 23. Rfa1 Rb7 24. Qd1 Qc7 25. b5 h5 26. a5 Kd7 27. Ra4 Rh8
28. R1a2 h4 29. Qa1 Rhb8 30. a6 d5 31. axb7 dxe4 32. dxe4 d3 33. Qf1 Bxh2+
34. Kh1 h3 35. gxh3 Rxb7 36. R4a3 Be5 37. Rxd3+ Ke7 38. Qf3 Qc8 39. Bc3 Bf4
40. Qh5 Qg8 41. Qh6 Qf7 42. e5 fxe5 43. Qe6+ 1-0

[Event "Pohár města Říčany 2020"]
[Site "Městské kulturní středisko U labutě"]
[Date "2020.08.23"]
[Round "2.16"]
[White "Dome, Michal"]
[Black "Cermak, Jan"]
[Result "1/2-1/2"]
[WhiteElo "1802"]
[BlackElo "1971"]
[PlyCount "0"]
[EventDate "2020.08.22"]

1. e4 e5 2. Nf3 Nc6 3. Bc4 Nf6 4. Ng5 d5 5. exd5 b5 6. Bf1 Nxd5 7. Bxb5 Bb7
8. d3 Bc5 9. O-O O-O 10. Ne4 Bb6 11. Nbc3 Nd4 12. Bc4 Nb4 13. Bb3 Nxb3 14. axb3
f5 15. Ng5 Qd6 16. Be3 Qg6 17. h4 h6 18. h5 Qe8 19. Bxb6 hxg5 20. Ba5 Qc6 21. f3
Qc5+ 22. Rf2 Nc6 23. b4 Nxb4 24. Bxb4 Qxb4 25. Qb1 Qh4 26. Qa2+ Kh7 27. Qc4 Qxc4
28. dxc4 Kh6 29. Re2 e4 30. fxe4 f4 31. Nb5 1/2-1/2

[Event "Pohár města Říčany 2020"]
[Site "Městské kulturní středisko U labutě"]
[Date "2020.08.23"]
[Round "2.17"]
[White "Elias, Jakub"]
[Black "Kalvach, Ladislav"]
[Result "1-0"]
[WhiteElo "1937"]
[BlackElo "1761"]
[PlyCount "0"]
[EventDate "2020.08.22"]

1. e4 e5 2. Nf3 Nf6 3. Nxe5 d6 4. Nf3 Nxe4 5. Nc3 Nxc3 6. dxc3 Bg4 7. Be2 Be7
8. Be3 O-O 9. Qd2 Nd7 10. h3 Bxf3 11. Bxf3 Ne5 12. Be2 f5 13. f4 Bh4+ 14. Kd1
Ng6 15. Qd5+ Kh8 16. Qf3 Bf6 17. Bd3 Nh4 18. Qf2 Qd7 19. Kd2 c5 20. Rag1 Qc6
21. Kc1 Qd5 22. Kb1 Rae8 23. g3 Qf3 24. Re1 Qxf2 25. Bxf2 Nf3 26. Rd1 g5 27. Bb5
Rd8 28. Be2 g4 29. hxg4 fxg4 30. Bxf3 gxf3 31. Rd3 Rfe8 32. Rxf3 b5 33. Rd1 a5
34. Rfd3 Be7 35. Re1 Bf8 36. Rde3 Rxe3 37. Rxe3 a4 38. Kc1 Kg7 39. g4 Kf7
40. Kd2 Bg7 41. Bh4 Re8 42. g5 Rxe3 43. Kxe3 a3 44. b3 Bxc3 45. Ke4 Ke6 46. f5+
Kd7 47. Kd5 Be5 48. g6 hxg6 49. fxg6 Ke8 50. Ke6 1-0

[Event "Pohár města Říčany 2020"]
[Site "Městské kulturní středisko U labutě"]
[Date "2020.08.23"]
[Round "2.18"]
[White "Stanek, Ondrej"]
[Black "Chmelik, Ladislav"]
[Result "1-0"]
[WhiteElo "2074"]
[BlackElo "1774"]
[PlyCount "0"]
[EventDate "2020.08.22"]

1. e4 c5 2. Nf3 Nc6 3. Bb5 a6 4. Bxc6 dxc6 5. d3 Nf6 6. h3 e6 7. Nc3 Be7 8. O-O
O-O 9. b3 Qc7 10. e5 Nd5 11. Ne4 f5 12. exf6 Nxf6 13. Qe2 Nxe4 14. Qxe4 e5
15. Nxe5 Bd6 16. Bb2 Bf5 17. Qe3 Rae8 18. f4 g5 19. Qg3 Re7 20. Qxg5+ Rg7
21. Qh5 Rg3 22. Qh4 Rg7 23. Ng4 Be7 24. Nh6+ Kh8 25. Bxg7+ Kxg7 26. Nxf5+ 1-0

[Event "Pohár města Říčany 2020"]
[Site "Městské kulturní středisko U labutě"]
[Date "2020.08.23"]
[Round "2.19"]
[White "Zizka, Petr"]
[Black "Holub, Adam"]
[Result "1-0"]
[WhiteElo "2046"]
[BlackElo "1746"]
[PlyCount "0"]
[EventDate "2020.08.22"]

1. b3 Nf6 2. Bb2 c5 3. e3 Nc6 4. f4 e6 5. Nf3 Be7 6. Be2 b6 7. O-O Bb7 8. Qe1
Qc7 9. Na3 a6 10. Nc4 d6 11. a4 h6 12. d3 Rg8 13. e4 Nd7 14. c3 Bf6 15. d4 cxd4
16. cxd4 d5 17. exd5 exd5 18. Bd3+ Kd8 19. Nce5 Bxe5 20. Nxe5 Ndxe5 21. fxe5 Bc8
22. Rc1 Be6 23. Qc3 Kd7 24. Bf5 Rgf8 25. Ba3 1-0

[Event "Pohár města Říčany 2020"]
[Site "Městské kulturní středisko U labutě"]
[Date "2020.08.23"]
[Round "2.20"]
[White "Kopecky, Jiri"]
[Black "Konvalinka, Vladislav"]
[Result "1/2-1/2"]
[WhiteElo "1921"]
[BlackElo "1731"]
[PlyCount "0"]
[EventDate "2020.08.22"]

1. e4 e6 2. d4 d5 3. exd5 exd5 4. Bd3 Bd6 5. Ne2 Ne7 6. O-O O-O 7. Bf4 Bf5
8. Bxf5 Nxf5 9. c3 c6 10. Qb3 Qc7 11. Bxd6 Nxd6 12. Nd2 1/2-1/2

[Event "Pohár města Říčany 2020"]
[Site "Městské kulturní středisko U labutě"]
[Date "2020.08.23"]
[Round "2.21"]
[White "Kubice, Jakub"]
[Black "Sargsyan, Karen"]
[Result "*"]
[WhiteElo "1724"]
[BlackElo "1918"]
[PlyCount "0"]
[EventDate "2020.08.22"]

1. d4 d5 2. Nf3 Nf6 3. c4 c6 4. Qb3 g6 5. g3 Bg7 6. Bg2 O-O 7. O-O dxc4 8. Qxc4
Nfd7 9. Qc2 Nb6 10. Nc3 Nd5 11. a3 Nxc3 12. bxc3 Bf5 13. Qb2 Qc8 14. Bd2 Be4
15. Ne5 Bxg2 16. Kxg2 c5 17. Rab1 b6 18. f3 Rd8 19. Be3 Rd5 20. Bf2 Qe6 21. Nd3
cxd4 22. cxd4 Nd7 23. Be1 Qe3 24. Qa2 Bxd4 25. Rb3 Rc8 26. Nf4 Rc3 27. Nxd5
{D�le ne�iteln�} *

[Event "Pohár města Říčany 2020"]
[Site "Městské kulturní středisko U labutě"]
[Date "2020.08.23"]
[Round "2.22"]
[White "Kuhnmund, Ivan"]
[Black "Skala, Jaromir"]
[Result "1/2-1/2"]
[WhiteElo "1682"]
[BlackElo "1891"]
[PlyCount "0"]
[EventDate "2020.08.22"]

1. e4 e5 2. f4 Bc5 3. Qh5 Qe7 4. fxe5 d6 5. Nf3 dxe5 6. Qxe5 Nc6 7. Qxe7+ Ngxe7
8. c3 O-O 9. d4 Bb6 10. Bd3 Ng6 11. Na3 a6 12. h4 h5 13. Nc4 Ba7 14. d5 Nce7
15. Bd2 f5 16. O-O-O b5 17. Nce5 Nxe5 18. Nxe5 fxe4 19. Bxe4 Bb7 20. Bg5 Nf5
1/2-1/2

[Event "Pohár města Říčany 2020"]
[Site "Městské kulturní středisko U labutě"]
[Date "2020.08.23"]
[Round "2.23"]
[White "Hadrava, Jaroslav"]
[Black "Feierfeil, Jiri"]
[Result "1-0"]
[WhiteElo "1883"]
[BlackElo "1719"]
[PlyCount "0"]
[EventDate "2020.08.22"]

1. e4 c5 2. Nf3 d6 3. Bb5+ Bd7 4. Bxd7+ Nxd7 5. O-O Ngf6 6. Re1 Qc7 7. c4 g6
8. Nc3 Bg7 9. Rb1 O-O 10. b3 Ng4 11. Nd5 Qd8 12. h3 Nge5 13. Bb2 Nxf3+ 14. Qxf3
Ne5 15. Qg3 e6 16. f4 Nc6 17. Bxg7 Kxg7 18. Qc3+ f6 19. Ne3 Nd4 20. Nc2 Nxc2
21. Qxc2 e5 22. Rf1 Qe7 23. d3 exf4 24. Rxf4 Qe5 25. Rbf1 Qd4+ 26. Qf2 Qxf2+
27. R1xf2 a5 28. a4 Rae8 29. g4 h6 30. Kg2 Re6 31. Kg3 b6 32. h4 Re5 33. R4f3
Rf7 34. Kg2 Ree7 35. Kf1 Re5 36. Ke2 h5 37. g5 f5 38. Kd2 Kh7 39. exf5 gxf5
40. Re3 Kg6 41. Ref3 Re6 42. Rf4 Re5 43. d4 Ree7 44. Re2 Rxe2+ 45. Kxe2 Re7+
46. Kf2 Re6 47. dxc5 dxc5 48. Rf3 Re4 49. Kg3 Rg4+ 50. Kh3 Rd4 51. Re3 Kf7
52. Rf3 f4 53. Kg2 Kg6 54. Kf2 Kf5 55. Ke2 Kg4 56. Rd3 Re4+ 57. Kf2 Kxh4 58. g6
Re6 59. g7 Rg6 60. Rd7 Kg4 61. Rd1 1-0

[Event "Pohár města Říčany 2020"]
[Site "Městské kulturní středisko U labutě"]
[Date "2020.08.23"]
[Round "2.24"]
[White "Rousek, Jan"]
[Black "Koper, Stefan"]
[Result "1/2-1/2"]
[WhiteElo "1665"]
[BlackElo "1871"]
[PlyCount "0"]
[EventDate "2020.08.22"]

1. d4 e6 2. Nf3 Nf6 3. g3 d5 4. Bg2 b5 5. O-O Nbd7 6. b3 Rb8 7. Nbd2 Nb6 8. Ne5
Bb7 9. c4 c6 10. c5 Nbd7 11. Ndf3 g5 12. a3 Ra8 13. Bd2 g4 14. b4 Be7 15. Qc2
1/2-1/2

[Event "Pohár města Říčany 2020"]
[Site "Městské kulturní středisko U labutě"]
[Date "2020.08.23"]
[Round "2.25"]
[White "Pavlicek, Petr"]
[Black "Neuhoff, Laertes"]
[Result "1-0"]
[WhiteElo "1860"]
[BlackElo "1700"]
[PlyCount "0"]
[EventDate "2020.08.22"]

1. c4 c5 2. Nc3 Nf6 3. Nf3 Nc6 4. d4 cxd4 5. Nxd4 Qb6 6. Nc2 g6 7. e3 Bg7
8. Be2 O-O 9. O-O d6 10. b3 Ne4 11. Na4 Qa5 12. Rb1 a6 13. f3 Nc5 14. Bd2 Qc7
15. Nc3 Be6 16. Be1 Rac8 17. e4 f5 18. b4 Nd7 19. Qd2 Nce5 20. Nd5 Bxd5
21. Qxd5+ Kh8 22. Na3 Nb6 23. Qd1 Nbxc4 24. Nxc4 Nxc4 25. Rc1 Qb6+ 26. Bf2 Qxb4
27. Rb1 Nb2 28. Qd5 fxe4 29. fxe4 Rc2 30. Bf3 Qb5 31. Qe6 Qe5 32. Qb3 Rc7
33. Bb6 Rc6 34. Bf2 b5 35. Bg3 Qc5+ 36. Bf2 Qc3 37. Qd5 Rfc8 38. Bg4 R8c7
39. Qf7 Qf6 40. Qd5 Qf8 41. Bd4 Bf6 42. Rxb2 Rc1 43. Rf2 Rxf1+ 44. Rxf1 e5
45. Be3 h5 46. Bh3 Qd8 47. Qe6 Kg7 48. Bb6 Qe7 49. Bxc7 Qxe6 50. Bxe6 Bg5
51. Rf7+ Kh6 52. Kf2 b4 53. Bxd6 a5 54. Bf8# 1-0

[Event "Pohár města Říčany 2020"]
[Site "Městské kulturní středisko U labutě"]
[Date "2020.08.23"]
[Round "2.26"]
[White "Svetly, Jiri"]
[Black "Studzinski, Boleslav"]
[Result "1-0"]
[WhiteElo "1835"]
[BlackElo "1678"]
[PlyCount "0"]
[EventDate "2020.08.22"]

1. d4 d5 2. c4 e6 3. Nc3 f5 4. Nf3 Nf6 5. Bg5 Be7 6. e3 O-O 7. a3 Ne4 8. Bf4 c6
9. Bd3 Nd7 10. Qc2 Bd6 11. Bxe4 Bxf4 12. Bxd5 exd5 13. exf4 dxc4 14. O-O-O b5
15. d5 cxd5 16. Rxd5 Qc7 17. Nxb5 Qxf4+ 18. Qd2 Qxd2+ 19. Nxd2 Nb6 20. Rc5 a6
21. Nc3 Bb7 22. f3 Rac8 23. Rxc8 Rxc8 24. Re1 Kf7 25. Nf1 Nd5 26. Nxd5 Bxd5
27. Ne3 Be6 28. Kc2 Kf6 29. Kc3 Rd8 30. Rd1 Rxd1 31. Nxd1 f4 32. Kd4 g5 33. Nc3
h5 34. Ne4+ Kf5 35. Nd6+ Kf6 36. Nxc4 g4 37. Nd6 gxf3 38. gxf3 Bh3 39. Ke4 Kg5
40. Ke5 Bg2 41. Ne4+ Kh4 42. Kxf4 Kh3 43. Nf6 Kxh2 44. Nxh5 Kg1 45. Ke3 Bh3
46. f4 Kf1 47. Ng7 Ke1 48. f5 Bg2 49. Kd4 1-0

[Event "Pohár města Říčany 2020"]
[Site "Městské kulturní středisko U labutě"]
[Date "2020.08.23"]
[Round "2.27"]
[White "Hozda, Max"]
[Black "Maslo, Ondrej"]
[Result "0-1"]
[WhiteElo "1630"]
[BlackElo "1834"]
[PlyCount "0"]
[EventDate "2020.08.22"]

1. d4 Nf6 2. c4 g6 3. Nc3 Bg7 4. e4 O-O 5. Nf3 d6 6. Be2 e5 7. O-O Nc6 8. d5
Ne7 9. b4 Nd7 10. Ne1 f5 11. f3 f4 12. Nd3 g5 13. c5 Nf6 14. cxd6 cxd6 15. Nf2
h5 16. Bb2 Kh8 17. Kh1 Neg8 18. Rc1 Rf7 19. Rc2 Nh6 20. Nb5 a6 21. Nc3 g4 22. g3
fxg3 23. hxg3 h4 24. Nxg4 hxg3 25. Nxf6 Bh3 26. Re1 g2+ 27. Kh2 Bxf6 28. Kxh3
Bh4 29. Bd3 Bxe1 30. Qxe1 g1=Q 31. Qxg1 Rxf3+ 0-1